000 00321nam a2200133Ia 4500
008 191201s2019 xx 000 0 und d
100 _aCHARNIAK,Eugene
245 0 _aIntroduction to Artificial Intelligence
260 _bPearson
300 _a701
650 _aB.Tech(CSE)
700 _aMCDERMOTT,Drew
942 _2ddc
_cBK
999 _c6868
_d6868